| 000 | 00493nam a2200145Ia 4500 | ||
|---|---|---|---|
| 008 | 170221s9999 xx 000 0 und d | ||
| 100 | _aPaatelainen, Laura. | ||
| 245 | 2 | _aA Functional Analysis of the Finnish 2012 Presidential Elections | |
| 245 | _cLaura Paatelainen, Stephen Croucher, Bill Benoit. | ||
| 260 | _bStudies in Media and Communication | ||
| 260 | _c2012 | ||
| 650 | _xCommunication | ||
| 650 | _xMedia Arts | ||
| 856 | _uhttp://redfame.com/journal/index.php/smc/issue/view/76 | ||
| 999 |
_c310531 _d310531 |
||